Não olhes! Não mexas! (Record no. 1893)

MARC details
000 -Etiqueta do registo
Valores 00785nam a2200265 4500
010 ## - Número ISBN
ISBN 9789897871696
021 ## - Número do Depósito Legal
Código do país Portugal
Número 516822/23
100 ## - Dados gerais de processamento
Dados gerais 20250709d2024 c||y0pory50030103ba
101 ## - Língua de publicação
Língua Português
102 ## - País de publicação
País Portugal
200 ## - Titulo e menção de responsabilidade
Título próprio Não olhes! Não mexas!
Primeira menção de responsabilidade Steve Patschke
Outras menções de responsabilidade il. Roland Garrigue
-- trad. Raquel Dutra Lopes
205 ## - Menção da edição
Edição 1ª edição
210 ## - Publicação
Local de publicação Lisboa
Nome do editor Nuvem de Letras
Data de publicação 2024
215 ## - Descrição física 
Paginação / Volumes [34] p.
Outras indicações físicas il.
Dimensões 28 cm
300 ## - Notas gerais 
Texto da nota BMB-Registado
304 ## - Nota relativa ao título
Texto de nota Tít. orig.: Don't look at it! Don't touch it!
606 ## - Nome comum usado como assunto
ID Autoridade 863
Palavra de ordem Literatura Infantil
675 ## - CDU
Notação 087.5
Edição BMB
Língua por
700 ## - Autor principal (pessoa individual)
Apelido Patschke
Nome Steve
ID Autoridade 2724
701 ## - Co-autor principal (pessoa individual)
Apelido Garrigu
Nome Garrigu
Datas 1979-
Função Ilustrador
ID Autoridade 2725
702 ## - Autor secundário (pessoa individual)
Apelido Lopes
Nome Raquel
Datas 1983-
Função Tradutor
ID Autoridade 2726
801 ## - Fonte de origem
País PT
Agência BMB
Regras de catalogação RPC
990 ## - Elementos KOHA
Tipo de documento Livro
Holdings
Situação do levantamento Estado Número Biblioteca de origem Código de barras Cota Permissão de empréstimo Tipo de documento Forma de aquisição
    1 Biblioteca Municipal de Borba 1843 087.5 PAT / NAO   Livro Compra
Biblioteca Municipal de Borba

Powered by Koha